Score 0/15 Timer 02:00
3 Plays Today
Clue 4-Letter Word % Correct
Pink Floyd's 'Dark Side of the ___'MOON
97.2%
A person with XY chromosomesMALE
92.6%
5280 feetMILE
92.4%
A low, prolonged sound of painMOAN
89.6%
Chip's chipmunk partnerDALE
88.7%
Another Spanish surrealist painter SalvadorDALÍ
84.8%
A nerdDORK
83.5%
Robin Williams' TV Alien from OrkMORK
79.9%
Clue 4-Letter Word % Correct
A contemptible personMOOK
74.7%
Animal film: 'The Adventures of ___ and Otis'MILO
66.2%
Clive Cussler's Pitt or Douglas Adams' GentlyDIRK
51.8%
Desperately urgent or extremeDIRE
50.9%
Deep heavy mud or slushMIRE
46.8%
With [Rung 1], Spanish surrealist painterMIRÓ
33.7%
With [Rung 10], Spanish surrealist painterJOAN
32%

Today's Daily Dose

Remove Ads.
Support Sporcle.
Get the best of Sporcle when you Go Orange. This ad-free experience offers more features, more stats, and more fun while also helping to support Sporcle. Thank you for becoming a member.

You're not logged in!

Compare scores with friends on all Sporcle quizzes.
OR
Log In

Show Comments

Extras

Top Quizzes Today


Score Distribution

Your Account Isn't Verified!

In order to create a playlist on Sporcle, you need to verify the email address you used during registration. Go to your Sporcle Settings to finish the process.

Report this User

Report this user for behavior that violates our Community Guidelines.

Details: